000 00364nam a2200133 i 4500
001 bg
100 1 _aPAŁASIŃSKI, Zbigniew
245 0 _aZasady odwzorowań utworów przestrzennych na płaszczyźnie rysunku /
_cZbigniew Pałasiński.
260 _aKraków,
_c1982.
040 _cBPK
041 _apol
942 _cKS
008 s pl f |000 0 pol
999 _c20934
_d20934
856 _uhttp://koha.tu.koszalin.pl/cgi-bin/koha/opac-detail.pl?biblionumber=20934
_yKatalog online BPK